| 000 | 01142nam a2200265 a 4500 | ||
|---|---|---|---|
| 999 |
_c142 _d142 |
||
| 003 | AR-BaISA | ||
| 005 | 20220811161105.0 | ||
| 006 | aado|fr|||| 00| 0 | ||
| 007 | ta | ||
| 008 | 170817s2014 mx ado|f |||| 00| 0 spa d | ||
| 020 | _a9786079356040 | ||
| 040 | _cAR-BaISA | ||
| 082 | 0 | 4 |
_222 _a362.173 068 Or9 |
| 245 | 0 | 0 |
_aManual de evaluación de la calidad del servicio de enfermería: _bestrategias para su aplicación / _cMaría Carolina Ortega Vargas; [et al.] |
| 250 | _a3ª ed. | ||
| 260 |
_aMéxico: _bMédica Panamericana, _c2014 |
||
| 300 |
_aXXX, 288 p.: _bil., graf., fot. |
||
| 504 | _aBibliografía al final de cada capítulo | ||
| 505 |
_tElementos conceptuales de la calidad -- _tEvaluación de la calidad a través de indicadores del cuidado -- _tIndicadores de calidad del cuidado -- _tEvaluación de la calidad a través del proceso de la certificación hospitalaria |
||
| 650 | 1 | 4 |
_9109 _aCalidad de la atención de salud |
| 650 | 1 | 4 |
_94 _aEnfermería _vadministración y organización |
| 650 | 1 | 4 |
_91339 _aCalidad de los servicios de salud |
| 700 | 1 |
_9334 _aOrtega Vargas, María Carolina _eed. |
|
| 942 |
_2ddc _cLI _e22 |
||